Nghiên cứu xử lý thuốc diệt cỏ Atrazine bằng bùn đỏ từ nhà máy Alumin Tân Rai Lâm Đồng
Nghiên cứu quá trình chiết sắt từ bùn đỏ. Nghiên cứu quá trình hấp phụ thuốc trừ atrazine cỏ từ bã bùn đỏ sau khi chiết sắt. Nghiên cứu quá trình phân hủy thuốc trừ cỏ atrazine bằng phương pháp oxy hóa nâng cao Fenton hệ Fe(III)-Oxalat/H2O/mặt trời với phức sắt oxalat chiết từ bùn đỏ...
Сохранить в:
| Главный автор: | |
|---|---|
| Другие авторы: | |
| Формат: | |
| Язык: | Vietnamese |
| Опубликовано: |
Đà Nẵng
Đại học Đà Nẵng
2015
|
| Предметы: | |
| Метки: |
Добавить метку
Нет меток, Требуется 1-ая метка записи!
|
| Thư viện lưu trữ: | Mạng thư viện Đại học Đà Nẵng |
|---|
| LEADER | 01930nam a2200373 4500 | ||
|---|---|---|---|
| 001 | 000024218 | ||
| 003 | 20699 | ||
| 005 | 20161222081253.0 | ||
| 008 | 161025s2015 viesd | ||
| 041 | |a vie | ||
| 082 | 1 | 4 | |a 628.16841 |b HU-L |
| 100 | 1 | |a Huỳnh Đức Long | |
| 245 | 1 | |a Nghiên cứu xử lý thuốc diệt cỏ Atrazine bằng bùn đỏ từ nhà máy Alumin Tân Rai Lâm Đồng |c Huỳnh Đức Long ; Bùi Xuân Vững hướng dẫn. |k Luận văn Thạc sĩ | |
| 260 | |a Đà Nẵng |b Đại học Đà Nẵng |c 2015 | ||
| 300 | |a 85 tr. ; phụ lục 3 tr. |c 29 cm. |e Tóm tắt | ||
| 500 | |a Luận văn thạc sĩ khoa học. Chuyên ngành: Hóa hữu cơ. Mã số: 60.44.01.14 | ||
| 520 | 3 | |a Nghiên cứu quá trình chiết sắt từ bùn đỏ. Nghiên cứu quá trình hấp phụ thuốc trừ atrazine cỏ từ bã bùn đỏ sau khi chiết sắt. Nghiên cứu quá trình phân hủy thuốc trừ cỏ atrazine bằng phương pháp oxy hóa nâng cao Fenton hệ Fe(III)-Oxalat/H2O/mặt trời với phức sắt oxalat chiết từ bùn đỏ | |
| 650 | 0 | 4 | |a Xử lý chất thải nông nghiệp |v Luận văn tốt nghiệp |x Thuốc diệt cỏ Atrazine |z Lâm Đồng |
| 650 | 0 | 4 | |a Bùn đỏ |x Chiết sắt |
| 653 | |a Hóa hữu cơ | ||
| 653 | |a Thuốc diệt cỏ Atrazine | ||
| 653 | |a Bùn đỏ | ||
| 653 | |a Nhà máy Alumin Tân Rai | ||
| 700 | 1 | |a Bùi Xuân Vững |c TS. |e Hướng dẫn | |
| OWN | |a LSP | ||
| AVA | |a UDN50 |b LSP |d 628.16841 HU-L |e available |t Error 5001 Not defined in file expand_doc_bib_avail. |f 1 |g 0 |h N |i 0 |k 1 | ||
| 999 | |a From the UDN01 | ||
| AVA | |a UDN50 |b LSP |d 628.16841 HU-L |e available |t Error 5001 Not defined in file expand_doc_bib_avail. |f 1 |g 0 |h N |i 0 |k 1 | ||
| TYP | |a Monograph | ||
| TYP | |a Printed language | ||
| 980 | |a Mạng thư viện Đại học Đà Nẵng | ||